000 00459nam a2200205Ia 4500
005 20240823035227.0
008 240823s9999||||xx |||||||||||||| ||und||
020 _a978-93-81431-24-5
041 _aENGLISH
082 _A813.54 Q2
100 _aWayne W Dyer
245 0 _aMy Greatest Teacher
250 _a1st
260 _c2012
_bHay House
500 _aYES
650 _aNovel
_bEnglish
700 _a Lynn Lauber
942 _cBK
999 _c200181
_d200181